Invitación a la biología /

Guardado en:
Autor Principal: Curtis, Helena
Otros Autores: Barnes, N. Sue
Formato: Libro
Publicado: España : Médica Panamericana, 1992
Edición:4a. ed.
Materias:
Adn
Etiquetas: Agregar Etiqueta
Sin Etiquetas, Sea el primero en etiquetar este registro!
LEADER 00568nam a22002175a 4500
001 CEM.cems007374
008 130507s1992##################000#0#####d
005 20231114104236.0
245 1 0 |a Invitación a la biología / 
250 |a 4a. ed. 
260 |a España :  |b Médica Panamericana,  |c 1992 
300 |a 879 p. 
100 1 |a Curtis, Helena 
700 1 |a Barnes, N. Sue 
082 0 4 |a 574 
653 |a Adn 
653 |a Biología 
653 |a Biosfera 
653 |a Celulas 
653 |a Ciclo de krebs 
859 |a CEMS  |b BIB. CEMS - Agricultura  |h 574  |i C943-1a4  |p A17238.93  |t Ej.1